000
003040000a22001210004500
020
_a
958-677-166-0
100
1
_a
Rodriguez, Elsa
245
1
0
_a
Pimpones de Color : Regalos y fechas especiales / Elsa Rodriguez
260
_a
Bogotá : Zamora
300
_a
78 P.
440
0
_a
Col. \ Mi Jardin
001
908
999
_c
48097
_d
48097